000
00206nam a2200097Ia 4500
008
220204s9999 xx 000 0 und d
082
_a
82-3
_b
SAL
100
_a
Salman Rushdie
245
0
_a
Shame
942
_c
BK
999
_c
38545
_d
38545